000 00588nai a2200181Ia 4500
003 IN-BaIIA
008 211028c9999 xx s 000 0 eng d
022 _a0168-6496 (Print)
022 _a1574-6941 (Online)
040 _cIIA Library
245 0 _aFEMS Microbiology Ecology
_h[eJournal]
260 _aNew Jersey
_bJohn Wiley & Sons
310 _aMonthly
362 _a22(1); 1997 - 90(3); 2014
521 _bSubscribed through National Knowledge Resource Consortium (NKRC)
856 _uhttps://onlinelibrary.wiley.com/journal/15746941
_yClick Here to Access eJournal
942 _cEJ
999 _c34371
_d34371